000 00412nam a2200157Ia 4500
008 240729s9999 xx 000 0 und d
022 _a2087-4634
245 0 _aMedia Peternakan
260 _aIndonesia
260 _bBogor Agricultural University
650 _a Animal culture
650 _aAgriculture
856 _uhttps://doaj.org/toc/ddfd2f5098194fda961298edc130e055
942 _2ddc
942 _cDOAJEJ
999 _c65708
_d65708
945 _a1
_bMadushi Gamage
_c1
_dMadushi Gamage